00659nam a22001697a 4500003000400000005001700004008003900021040002500060110006100085245010200146260005500248300002100303590002700324942001400351952010700365999001700472OSt20201118135419.0201118b 2008 dr 00| 0 eng d aDO-SdBNPbspacBNPHU2 aRepública Dominicana.bSuprema Corte de Justicia9790610aReforma constitucional. Poder Judicial. Observaciones del pleno de la Suprema Corte de Justicia / aSanto Domingo :bSuprema Corte de Justicia,c2008. a43 p. ;c28 cm.  aInventariado, 2020 /LP 2ddccLBS1 00102ddc51718MOaBNPHUbPDcHDd2020-11-18eDomínico Americano l0r2020-11-18w2020-11-18yLBS1 c49149d49149